000 00748nam a2200229 u 4500
005 20240228064344.0
008 160608s2011 r 000 0 eng d
020 _a9788484835004
035 _aUPN01000211255
049 _aI
050 4 _aPZ46.3
_bM3.5
100 1 _aMasini, Beatrice,
_d1962-
_935606
245 1 0 _aMiedos de madre /
_cBeatrice Masini ; il. Alireza Goldouzian ; tr. Ana Belén Valverde Elices.
260 _aMadrid :
_bLaberinto,
_c2011.
300 _a[25] p. :
_bil. col.
534 _pTítulo original:
_tPaure di mamma
650 0 _aAnimales
_vCuentos y leyendas
_9234
650 4 _aMadres e hijos
_vLiteratura infantil
_912201
650 4 _aLiteratura infantil italiana
_911122
905 _aInfantil
999 _c183356
_d183356